Fundamentals of corporate finance / (Record no. 168479)

MARC details
000 -LEADER
fixed length control field 00768nam a22002177a 4500
005 - DATE AND TIME OF LATEST TRANSACTION
control field 20191010155249.0
010 ## - LCCN (DPL NO)
LC control number ENG-126640
020 ## - INTERNATIONAL STANDARD BOOK NUMBER
International Standard Book Number 9789353163549
Terms of availability 895.00
035 ## - SYSTEM CONTROL NUMBER
System control number EN-110172
037 ## - SOURCE OF ACQUISITION
Source of stock number/acquisition DBAD/PUB
082 ## - DEWEY DECIMAL CLASSIFICATION NUMBER
Classification number 658.15
100 ## - MAIN ENTRY--PERSONAL NAME
Personal name Ross, Stephen A.
245 ## - TITLE STATEMENT
Title Fundamentals of corporate finance /
Statement of responsibility, etc by Stephen A. Ross, Randolph W. Westerfield [and] Bradford D. Jordan
260 ## - PUBLICATION, DISTRIBUTION, ETC. (IMPRINT)
Place of publication, distribution, etc Chennai
Name of publisher, distributor, etc Mc Graw Hill Education
Date of publication, distribution, etc 2016
270 ## - ADDRESS
Address 444/1, Ekambara Naicker Industrial Estate
City Alapakkam, Porur, Chennai
Postal code 600116
Electronic mail address info.india@mheducation.com
300 ## - PHYSICAL DESCRIPTION
Extent xlv;various paging.
Dimensions 25cm(pbk)
500 ## - GENERAL NOTE
General note Includes index
700 ## - ADDED ENTRY--PERSONAL NAME
Personal name Westerfield, Randolph W.
700 ## - ADDED ENTRY--PERSONAL NAME
Personal name Jordan, Bradford D.
942 ## - ADDED ENTRY ELEMENTS (KOHA)
Source of classification or shelving scheme Dewey Decimal Classification
Item type English Books
Classification part 658.15
Call number suffix ROS
Holdings
Withdrawn status Lost status Not for loan Collection code Home library Current library Date acquired Source of acquisition Cost, normal purchase price Full call number Barcode Copy number Cost, replacement price Koha item type
      Non-fiction Shahdara Branch Shahdara Branch 10/10/2019 DBAD/PUB 895.00 658.15 ROS EN-110172 1 895.00 English Books

© Delhi Public Library
Hit Counter
free hit counter